Mudra: a study of symbolic gestures in japanese buddhist sculpture
Gardado en:
| Autor Principal: | |
|---|---|
| Formato: | Libro |
| Idioma: | inglés |
| Publicado: |
Princeton
Princeton University Press
1985
|
| Subjects: | |
| Tags: |
Engadir etiqueta
Sen Etiquetas, Sexa o primeiro en etiquetar este rexistro!
|
MARC
| LEADER | 00000nam a2200000 a 4500 | ||
|---|---|---|---|
| 001 | UCX3731 | ||
| 003 | CL-VaPUC | ||
| 008 | 911206e19850000US |||||||||||||||||eng|d | ||
| 082 | 0 | 4 | |a 294.3 |b SAU |2 21 |
| 100 | 0 | |a Saunders, Dale E |e author |9 319921 | |
| 245 | 1 | 0 | |a Mudra: a study of symbolic gestures in japanese buddhist sculpture |
| 300 | |a 296 p | ||
| 942 | |c BK | ||
| 945 | |d 19911206 00:00:00 | ||
| 260 | |a Princeton |b Princeton University Press |c 1985 | ||
| 650 | 0 | |a Religión |9 255164 | |
| 650 | 7 | |a FILOSOFIA JAPONESA |2 CL-VaPUC |9 319910 | |
| 650 | 7 | |a BUDISMO |2 CL-VaPUC |9 319922 | |
| 651 | 0 | |a Japón |9 260391 | |
| 583 | |a last modification |c 20120709 09:52:23 |k Rodrigo Vera | ||
| 999 | |c 224409 |d 224407 | ||
| 952 | |0 0 |1 0 |4 0 |6 294_300000000000000_SAU_1985 |7 0 |8 A |9 221036 |a BIBGIM |b BIBGIM |d 2019-11-15 |i 289775K |l 1 |o 294.3 SAU 1985 |p 289775K |q 2024-07-12 |r 2024-07-01 |s 2024-07-01 |w 2019-11-15 |y BK |k ORI | ||